| 000 | 00418nam a2200157 a 4500 | ||
|---|---|---|---|
| 005 | 20260322212050.0 | ||
| 008 | data | ||
| 090 | _aBD 450 R443t 1966 | ||
| 100 | 1 |
_aRieff, Philip, _d1922- |
|
| 245 | 1 | 4 |
_aThe triumph of the therapeutic : _buses of faith after Freud / _cPhilip Rieff. |
| 250 | _a1st ed. | ||
| 260 |
_aNew York _bHarper & Row _cp1966 |
||
| 300 | _a274 p. | ||
| 650 | 4 | _aPhilosophical anthropology. | |
| 001 | data | ||
| 999 |
_c1192 _d1192 |
||